Paz y democracia: el desafío centroamericano /
Analiza varios aspectos en torno al proceso de pacificación de la región centroamericana tales como la búsqueda de la paz y la democracia, la crisis panameña que viene a crear una mayor inestabilidad en la región, el acuerdo de Sapoá y de Esquipulas II y la intervención de Estados Unidos en la regió...
Kaydedildi:
| Yazar: | |
|---|---|
| Materyal Türü: | Metin |
| Konular: | |
| Etiketler: |
Etiketle
Etiket eklenmemiş, İlk siz ekleyin!
|
MARC
| LEADER | 00000 a a2200000 04500 | ||
|---|---|---|---|
| 001 | 3699 | ||
| 003 | |||
| 040 | |||
| 100 | |a Aravena Rojas, Francisco | ||
| 245 | |a Paz y democracia: |b el desafío centroamericano / |c Francisco Aravena Rojas | ||
| 520 | |a Analiza varios aspectos en torno al proceso de pacificación de la región centroamericana tales como la búsqueda de la paz y la democracia, la crisis panameña que viene a crear una mayor inestabilidad en la región, el acuerdo de Sapoá y de Esquipulas II y la intervención de Estados Unidos en la región, incluyendo Panamá. SM/EL | ||
| 650 | |a PAZ | ||
| 650 | |a DEMOCRACIA | ||
| 650 | |a PROCESOS DE PAZ | ||
| 650 | |a POLITICA EXTERIOR | ||
| 650 | |a SISTEMAS POLITICOS | ||
| 773 | |g número 3; páginas 10-14 | ||
| 999 | |c 40268 |d 40268 | ||
